Statistics for Songs That Tell You How to Dance to Them

Click here to take the quiz!

General Stats

  • This quiz has been taken 7 times
  • The average score is 2 of 10

Answer Stats

ArtistDance Directions/LyricsSong Title% Correct
Larry LaPrise (disputed)You put your right foot in. You put your right foot out..Hokey Pokey
43%
Rocky Horror Picture ShowIt's just a jump to the left. And then a step to the right...Time Warp
43%
SilentoNow watch me whip. Watch me nae nae...Do the stanky leg.Watch Me
43%
DJ CasperTake it back now, y'all. One hop this time. Right foot, let's stomp...Cha Cha Slide
29%
Soulja BoyWatch me crank it, watch me roll. Watch me crank dat, Soulja Boy then Superman dat ohCrank That (Soulja Boy)
29%
House of PainSo get out your seat and jump around!Jump Around
29%
Little EvaLet's make a chain, now... A chug-a chug-a motion like a railway train, now...The Locomotion
29%
Brooks and DunnHeel, toe, dosey doe...get down, turn around...Boot Scootin' Boogy
0%
Freak NastyI put my hand upon your hip. When I dip you dip we dip...Da Dip
0%
69 BoyzTo the left (x2), to the right (x2) To the front (x2), to the back (x2) Now slide, slide, baby, slide, just slide...Tootsie Roll
0%

Score Distribution

Percentile by Number Answered

Percent of People with Each Score

Your Score History

You have not taken this quiz